000 00620cam a22001935a 4500
001 L143330
008 080428s1992 xxk f 000 0 eng d
020 _a085406558X
035 _a(Sirsi) u143330
041 0 _aeng
110 2 _aLondon Business School
_996
245 0 0 _aHistoric backdating of the IPD monthly index
_bcapital growth and total return series (December 1980-June 1992)
260 _aLondon
_bRICS
_c1992
651 4 _aUnited Kingdom
_y
690 _aPROPERTY-PROPERTY MARKET
710 2 _aRoyal Institution of Chartered Surveyors
_94900
710 2 _aInvestment Property Databank
_92288
942 _n0
999 _c108119
_d108119